Dopasuj imię do nazwiska - polscy premierzy - Statystyki

Ogólne statystyki
  • Ten quiz został rozwiązany 72 razy
  • Średni wynik to 16 z 20
Statystyki odpowiedzi
Hint Odpowiedź % Poprawnych
Beata Szydło
97%
Donald Tusk
97%
Jarosław Kaczyński
95%
Leszek Miller
92%
Mateusz Morawiecki
92%
Ewa Kopacz
90%
Wojciech Jaruzelski
85%
Hanna Suchocka
85%
Jerzy Buzek
82%
Tadeusz Mazowiecki
82%
Marek Belka
80%
Józef Oleksy
78%
Waldemar Pawlak
77%
Jan Krzysztof Bielecki
75%
Włodzimierz Cimoszewicz
75%
Kazimierz Marcinkiewicz
72%
Mieczysław Rakowski
62%
Jan Olszewski
55%
Zbigniew Messner
47%
Piotr Jaroszewicz
42%
Nie znaleziono quizów pasujących do podanych kryteriów
Rozkład punktacji
Procent ludzi z każdym wynikiem
Percentyl według liczby udzielonych odpowiedzi
Twoja historia wyników
Nie rozwiązałeś tego quizu